000 00570nam a22001937a 4500
999 _c16629
_d16629
003 AR-CdUCM
008 190504b ||||| |||| 00| 0 spa d
040 _aMUNICIPALIDAD PROVINCIAL DEL CUSCO
_cBIBLIOTECA MUNICIPAL DEL CUSCO
082 _a868.58 /
_bV21
100 _aValera, Juan
_97796
245 _aDisertaciones :
_bJuicios literarios /
260 _aMadrid :
_bPerojo,
_c1864.
300 _a374 paginas ;
_c23 cm.
500 _aJuicios literarios
650 _aJuicios
_97111
650 _aLiterarios
_936186
942 _2ddc
_cLIBROS
945 _apjha
_d2019-05-04